Elementary Statistics

Salvato in:
Dettagli Bibliografici
Autore principale: Triola, Mario F (Autore)
Natura: Libro
Lingua:inglese
Pubblicazione: Reading : Addison-Wesley Publishing Company, 1992
Edizione:5th Edition
Tags: Aggiungi Tag
Nessun Tag, puoi essere il primo ad aggiungerne!!

MARC

LEADER 00000nam a22000003a 4500
001 stu25754
005 20150617225701.0
008 980522s1992------------------------eng-d
020 |a 0-8053-7631-3 
040 |a STU  |b slo 
041 0 |a eng 
080 |a 519.21 
100 1 |a Triola, Mario F  |4 aut 
245 1 |a Elementary Statistics 
250 |a 5th Edition 
260 |a Reading :  |b Addison-Wesley Publishing Company,  |c 1992 
300 |a 730 s 
500 |a Tab.,grafy,lit.,index 
996 |b C95381  |c C*95381  |l CCXX  |s P  |a 0  |w stu25754_0001